| 000 | 00458nam a2200181Ia 4500 | ||
|---|---|---|---|
| 001 | 22965 | ||
| 005 | 20260414150906.0 | ||
| 008 | 260414t2010||||xx |||||||||||||| ||spa|| | ||
| 041 | _aESP | ||
| 082 |
_a624.171 _bM12 |
||
| 100 |
_aMcCormac, Jack C. _eAUT |
||
| 245 | 0 |
_aAnálisis de estructuras : _bmétodos clásico y matricial |
|
| 260 | _c2010 | ||
| 300 |
_axxii, 588 páginas : _c26 cm. |
||
| 650 | _a0 | ||
| 654 | _aCIC | ||
| 942 |
_cLIB _dJUS _fJUS _2ddc _n |
||
| 999 |
_c22965 _d22965 |
||